Cenové rozhodovanie v marketingu praktikum

Enregistré dans:
Détails bibliographiques
Auteur principal: Lipianska, Júlia
Collectivité auteur: Ekonomická univerzita v Bratislave. Obchodná fakulta
Autres auteurs: Hasprová, Mária, 1970-, Žák, Štefan, 1971-, Pajtinková - Bartáková, Gabriela
Format: Livre
Langue:slovaque
Publié: Bratislava Vydavateľstvo EKONÓM 2016
Édition:[2. preprac. vyd.]
Sujets:
Tags: Ajouter un tag
Pas de tags, Soyez le premier à ajouter un tag!

MARC

LEADER 00000nam$a2200000$$$4500
001 0222513
005 20240502073637.5
020 |a 978-80-225-4255-5 
041 0 |a slo 
044 |a SK 
245 1 0 |a Cenové rozhodovanie v marketingu  |b praktikum  |c Júlia Lipianska, Mária Hasprová ; recenzenti: Štefan Žák, Gabriela Pajtinková - Bartáková 
250 |a [2. preprac. vyd.] 
264 1 |a Bratislava  |b Vydavateľstvo EKONÓM  |c 2016 
300 |a 134 s. [6,59 AH] 
610 2 0 |a ceny 
610 2 0 |a marketing 
610 2 0 |a rozhodovanie 
610 2 0 |a politika cenová 
610 2 0 |a riziko 
610 2 0 |a pružnosť cenová 
610 2 0 |a tvorba cien 
610 2 0 |a kalkulácia 
100 1 |a Lipianska, Júlia 
700 1 |a Hasprová, Mária, 1970- 
700 1 |a Žák, Štefan, 1971- 
700 1 |a Pajtinková - Bartáková, Gabriela 
710 2 |a Ekonomická univerzita v Bratislave. Obchodná fakulta